000 00680nam a22001937a 4500
005 20251108175034.0
008 250721s2009 xx 000 0 ara d
082 1 4 _aم/324.956/انت
100 1 _aالديين، أحمد
_eمؤلف
245 1 0 _aالانتخابات الديمقراطية وواقع الانتخابات في الأقطار العربية /
264 1 _aبيروت :
_bمركز دراسات الوحدة العربية،
_c2009.
300 _a430 ص.
650 1 7 _aالإنتخابات
650 1 7 _aالبلدان العربية
700 1 _aماضي، عبد الفتاح
700 1 _aنوفل، أحمد
942 _2ddc
_cREF
999 _c124623
_d124623